000 00635cam a2200205 a 4500
001 11774038
005 20250121110405.0
008 990806s1999 enka b 001 0 eng d
020 _a0273625241
050 0 0 _aJN318
_b.P83 1999
082 0 0 _a351
_221
245 0 0 _aPublic services management /
_cedited by Aidan Rose and Alan Lawton.
260 _aHarlow, England ;
_aNew York :
_bFinancial Times/Prentice Hall,
_c1999.
300 _axi, 367 p. :
_bill. ;
_c25 cm.
650 0 _aAdministrative agencies
_zGreat Britain.
650 0 _aPublic administration.
700 1 _aRose, Aidan.
700 1 _aLawton, Alan.
942 _2lcc
_cBK
_n0
999 _c2737
_d2737